00978cam a22002411 450000100060000000300080000600500170001400800390003103500190007004000320008904100080012108200220012910000280015124500940017926001500027330000210042349000420044450400200048665000630050694200120056999900170058195201380059816122BD-RjUL20211208235946.0140214s1961 ilu 001 0 eng a(BD-RjUL)16177 aDLCcMRIdDLCdBD-RjULbeng aeng00a331.252bAAL 19611 aAaron, Benjamin.94990710aLegal status of employee benefit rights under private pension plans /cby Benjamin Aaron. aHomewood :bPublished for the Pension Research Council, Wharton School of Finance and Commerce, University of Pennsylvania, by R.D. Irwin,cc1961 a130 p. ;c23 cm.0 aPension Research Council publications aincludes index. 0aPension trustsxLaw and legislationzUnited States.949908 2ddccBK c16122d16122 00102ddc40718NFICaRUCLbRUCLcReadingd1983-05-10e heffersg6.85l0o331.252 AAL 1961r2014-02-11 00:00:00tC-1w2014-02-11yBK